[Event "NRW Verbandsklasse Group3 1314"]
[Site "Nordrheinwestfalen"]
[Date "2013.11.24"]
[Round "4.3"]
[White "Linke, Juergen"]
[Black "Tig, Achmet"]
[Result "1-0"]
[WhiteElo "1838"]
[BlackElo "1906"]
[PlyCount "55"]
[EventDate "2013.09.08"]
[EventType "team-tourn"]
[EventRounds "9"]
[EventCountry "GER"]
[SourceTitle "EXT 2020"]
[Source "ChessBase"]
[SourceDate "2019.10.17"]
[SourceVersion "1"]
[SourceVersionDate "2019.10.17"]
[SourceQuality "1"]
[WhiteTeam "Erkenschwick II"]
[BlackTeam "Hervest Dorsten"]
[WhiteTeamCountry "GER"]
[BlackTeamCountry "GER"]

1. e4 c5 2. Nf3 d6 3. d4 cxd4 4. Nxd4 Nf6 5. Nc3 g6 6. Be3 Bg7 7. f3 0-0 8. Qd2 Nc6 9. 0-0-0 d5 10. Nxc6 bxc6 11. exd5 Nxd5 12. Nxd5 cxd5 13. Qxd5 Qc7 14. Qc5 Qb7 15. Bd4 Bh6+ 16. Kb1 Bf5 17. Qe5 f6 18. Bc4+ Kh8 19. Qd5 Qc7 20. Bd3 Rfd8 21. Qc5 Qf4 22. Bxf5 gxf5 23. Bc3 e5 24. Qe7 Rxd1+ 25. Rxd1 Rf8 26. a3 Bg7 27. Rd8 Qh6 28. Bd2 1-0

[Event "NRW Verbandsklasse Group3 1314"]
[Site "Nordrheinwestfalen"]
[Date "2013.10.13"]
[Round "2.4"]
[White "Riese, Manfred"]
[Black "Linke, Juergen"]
[Result "1-0"]
[WhiteElo "1857"]
[BlackElo "1838"]
[PlyCount "89"]
[EventDate "2013.09.08"]
[EventType "team-tourn"]
[EventRounds "9"]
[EventCountry "GER"]
[SourceTitle "EXT 2020"]
[Source "ChessBase"]
[SourceDate "2019.10.17"]
[SourceVersion "1"]
[SourceVersionDate "2019.10.17"]
[SourceQuality "1"]
[WhiteTeam "Muelheim SC"]
[BlackTeam "Erkenschwick II"]
[WhiteTeamCountry "GER"]
[BlackTeamCountry "GER"]

1. c4 Nf6 2. g3 g6 3. Bg2 d5 4. b3 Bg7 5. Bb2 0-0 6. Nf3 Nbd7 7. 0-0 c6 8. d3 Re8 9. Nbd2 e5 10. e3 e4 11. dxe4 dxe4 12. Ng5 Nc5 13. Bd4 Ne6 14. Nxe6 Bxe6 15. Qc2 Bf5 16. Rac1 Qe7 17. Qb2 c5 18. Bc3 Nh5 19. Nb1 Bxc3 20. Nxc3 Qe5 21. Rfd1 Rad8 22. Qc2 Nf6 23. Rd2 Bg4 24. Rxd8 Rxd8 25. Nxe4 Nxe4 26. Bxe4 b6 27. Bd5 Bf5 28. e4 Bg4 29. Qd2 Rd7 30. Re1 Kg7 31. h4 Re7 32. Kg2 h6 33. f3 Bc8 34. f4 Qd6 35. Qc3+ Kh7 36. Qf3 Qd7 37. Rh1 h5 38. f5 Qd6 39. g4 Qe5 40. fxg6+ fxg6 41. g5 Bg4 42. Qf6 Qc7 43. Rf1 Qd7 44. Qf8 Be6 45. Qh6+ 1-0

[Event "Ruhrgebiet VK2 0304"]
[Site "Ruhrgebiet"]
[Date "2003.11.09"]
[Round "3.5"]
[White "Linke, Juergen"]
[Black "Boost, Juergen"]
[Result "0-1"]
[WhiteElo "1857"]
[BlackElo "1913"]
[PlyCount "81"]
[EventDate "2003.09.28"]
[EventType "team"]
[EventRounds "9"]
[EventCountry "GER"]
[SourceTitle "EXT 2007"]
[Source "ChessBase"]
[SourceDate "2006.11.23"]
[SourceVersion "1"]
[SourceVersionDate "2006.11.23"]
[SourceQuality "1"]
[WhiteTeam "Erkenschwick II"]
[BlackTeam "Gerthe"]
[WhiteTeamCountry "GER"]
[BlackTeamCountry "GER"]

1. d4 Nf6 2. c4 d6 3. Nc3 e5 4. Nf3 Nbd7 5. Bg5 c6 6. e3 g6 7. dxe5 dxe5 8. Nxe5 Qa5 9. Nxd7 Nxd7 10. Qd4 Rg8 11. Qe4+ Qe5 12. 0-0-0 Be7 13. Bf4 Qxe4 14. Nxe4 Nf6 15. Nxf6+ Bxf6 16. Be2 Be6 17. g4 Rd8 18. g5 Be7 19. h4 Rd7 20. Be5 Kd8 21. e4 Re8 22. f4 Rxd1+ 23. Rxd1+ Kc8 24. a3 a5 25. Kc2 Bd8 26. Bd3 Bg4 27. Rd2 Bc7 28. Bxc7 Kxc7 29. f5 Bf3 30. Kc3 Bxe4 31. Re2 gxf5 32. Bxe4 fxe4 33. Kd4 Rd8+ 34. Kxe4 Re8+ 35. Kd3 Rxe2 36. Kxe2 Kd6 37. b4 axb4 38. axb4 Ke5 39. Ke3 b6 40. b5 c5 41. Kf3 0-1